| LEADER 00000nam 2200000uu 4500 |
| 001 13399112696 |
| 003 BCNR |
| 008 110623s2552||||th 000 0 tha d |
| 060 04 WA540.JT3^bส677 2552
|
| 245 00 สาระสำคัญของพระราชบัญญัติสุขภาพจิต พ.ศ. 2551 /^c[บรรณาธิการ] วิฑูรย์ อึ้งประพันธ์ ; สถาบันกัลยาณ์ราชนครินทร์ กรมสุขภาพจิต กระทรวงสาธารณสุข
|
| 250 พิมพ์ครั้งที่ 1
|
| 260 กรุงเทพฯ :^bสถาบันกัลยาณ์ราชนครินทร์,^c2552
|
| 300 ง, 90 หน้า ;^c21 ซม.
|
| 500 ชุดคูมือพระราชบัญญัติสุขภาพจิต พ.ศ. 2551
|
| 650 7 สุขภาพ^vกฎหมายและระเบียบข้อบังคับ
|
| 650 7 พระราชบัญญัติสุขภาพจิต
|
| 650 7 นโยบายด้านสุขภาพ
|
| 700 0 วิฑูรย์ อึ้งประพันธ์,^eบรรณาธิการ
|
| 710 2 สถาบันกัลยาณ์ราชนครินทร์
|
| 999 ^aบรรณารักษ์
|